000 00280nam a2200097Ia 4500
008 240331s9999 xx 000 0 und d
082 _bTHI
100 _aThiruchandran, S
245 4 _aThe other victims of war :
_bemergence of female headed households in eastern Sri Lanka
942 _cL
999 _c2208
_d2208